000 00303nam a2200109Ia 4500
008 190216s9999||||xx |||||||||||||| ||und||
100 _aBhatia S K
245 0 _aPersonal Management Humanresource Management Principles And Techniques
260 _bDeep&Deep Pub.Newdelhi
650 _aCommerce
942 _cBK
999 _c5884
_d5884